000 00655nam a2200241Ia 4500
003 OSt
005 20220918212913.0
006 a|||||r|||| 00| 0
007 ta
008 220917b |||||||| |||| 00| 0 eng d
024 _a130,694
037 _cTextual
040 _aARTS
_cARTS
_beng
041 _2eng
_aeng
082 _aX:3M24.6.N5, K4
100 _aSenghor Leopold Sedar
_9114443
245 0 _aOn African socialism tr by Mercer Cook
260 _aLondon
_bPall Mall Press
_c1964
300 _a173p.
_ccm.
650 _aECONOMICS
942 _hX:3M24.6.N5, K4
_cTEXL
_2CC
999 _c253817
_d253817